[Event "Nakhchivan Sunday GM 05"]
[Site "Nakhchivan"]
[Date "2022.05.19"]
[Round "7"]
[White "Ibrahimli, Murad Sultanali"]
[Black "Azadaliyev, Jahandar"]
[Result "1-0"]
[WhiteElo "2437"]
[BlackElo "2088"]
[PlyCount "59"]
[EventDate "2022.05.15"]
[EventType "team-schev"]
[EventRounds "9"]
[EventCountry "AZE"]
[SourceTitle "CBM 208 Extra"]
[Source "ChessBase"]
[SourceDate "2022.07.31"]
[SourceVersion "1"]
[SourceVersionDate "2022.07.31"]
[SourceQuality "1"]
[WhiteTeam "Team B"]
[BlackTeam "Team C"]
[WhiteTeamCountry "AZE"]
[BlackTeamCountry "AZE"]

1. d4 Nf6 2. c4 e6 3. Nf3 b6 4. g3 Ba6 5. Qa4 Bb7 6. Bg2 c5 7. dxc5 Bxc5 8. 0-0 0-0 9. Nc3 Be7 10. Rd1 Na6 11. Be3 Nc5 12. Bxc5 Bxc5 13. Ne5 Bxg2 14. Kxg2 d6 15. b4 b5 16. Nxb5 Qe8 17. Nf3 Bxf2 18. Kxf2 a6 19. Nc3 Ne4+ 20. Ke1 Nxc3 21. Qxe8 Rfxe8 22. Rxd6 Rec8 23. Nd2 Rab8 24. a3 a5 25. b5 Na4 26. Ra6 Nc5 27. Rxa5 e5 28. Rb1 e4 29. Kf2 Rd8 30. Ke3 1-0

[Event "Titled Tuesday intern op 01st Feb-A"]
[Site "Chess.com INT"]
[Date "2022.02.01"]
[Round "1"]
[White "Andrejevs, Arvids"]
[Black "Azadaliyev, Jahandar"]
[Result "1-0"]
[WhiteElo "2224"]
[BlackElo "2088"]
[PlyCount "63"]
[EventDate "2022.02.01"]
[EventType "swiss (blitz)"]
[EventRounds "11"]
[EventCountry "USA"]
[SourceTitle "CBM 206 Extra"]
[Source "ChessBase"]
[SourceDate "2022.03.31"]
[SourceVersion "1"]
[SourceVersionDate "2022.03.31"]
[SourceQuality "1"]

1. e4 c6 2. d4 d5 3. Nc3 dxe4 4. Nxe4 Nf6 5. Nxf6+ exf6 6. Nf3 Bd6 7. Bd3 0-0 8. 0-0 Bg4 9. h3 Bh5 10. Re1 Nd7 11. c3 Qc7 12. Qc2 Bxf3 13. Bxh7+ Kh8 14. gxf3 g6 15. Bxg6 fxg6 16. Kh1 Kh7 17. Rg1 f5 18. Bg5 Rae8 19. h4 Bf4 20. h5 Bxg5 21. Rxg5 Qf4 22. hxg6+ Kg7 23. Rg3 Rh8+ 24. Kg2 Nf6 25. Qb3 Re7 26. Re1 Rhe8 27. Rh1 Nd5 28. c4 Ne3+ 29. fxe3 Rxe3 30. Qxb7+ R8e7 31. Rh7+ Kf6 32. Rf7+ 1-0

[Event "Titled Tuesday intern op 01st Feb-A"]
[Site "Chess.com INT"]
[Date "2022.02.01"]
[Round "2"]
[White "Azadaliyev, Jahandar"]
[Black "Zotova, Anastasia"]
[Result "1-0"]
[WhiteElo "2088"]
[BlackElo "2004"]
[PlyCount "51"]
[EventDate "2022.02.01"]
[EventType "swiss (blitz)"]
[EventRounds "11"]
[EventCountry "USA"]
[SourceTitle "CBM 206 Extra"]
[Source "ChessBase"]
[SourceDate "2022.03.31"]
[SourceVersion "1"]
[SourceVersionDate "2022.03.31"]
[SourceQuality "1"]

1. d4 d5 2. c4 dxc4 3. e4 c5 4. d5 e6 5. Bxc4 exd5 6. Bxd5 Nf6 7. Nc3 Bd6 8. Nf3 0-0 9. 0-0 Bg4 10. Bxb7 Bxh2+ 11. Kxh2 Qc7+ 12. e5 Nbd7 13. Kg1 Nxe5 14. Bxa8 Rxa8 15. Nd5 Nxd5 16. Qxd5 Nxf3+ 17. gxf3 Rd8 18. Qe4 Bh3 19. Re1 h6 20. Bf4 Qb6 21. Rad1 Rc8 22. Bg3 Qxb2 23. Qh4 Be6 24. Be5 Qxa2 25. Qg3 g6 26. Qh4 1-0

[Event "Titled Tuesday intern op 01st Feb-A"]
[Site "Chess.com INT"]
[Date "2022.02.01"]
[Round "6"]
[White "Azaiez, Fahmi"]
[Black "Azadaliyev, Jahandar"]
[Result "1-0"]
[WhiteElo "2129"]
[BlackElo "2088"]
[PlyCount "77"]
[EventDate "2022.02.01"]
[EventType "swiss (blitz)"]
[EventRounds "11"]
[EventCountry "USA"]
[SourceTitle "CBM 206 Extra"]
[Source "ChessBase"]
[SourceDate "2022.03.31"]
[SourceVersion "1"]
[SourceVersionDate "2022.03.31"]
[SourceQuality "1"]

1. e4 c6 2. Nf3 d5 3. d3 Bg4 4. h3 Bxf3 5. Qxf3 e6 6. g3 Nd7 7. Bg2 Ngf6 8. 0-0 Bd6 9. Nd2 Qc7 10. Qe2 0-0-0 11. c3 dxe4 12. dxe4 h5 13. Nc4 h4 14. Nxd6+ Qxd6 15. Bf4 e5 16. Be3 hxg3 17. fxg3 Kb8 18. Rad1 Qe6 19. g4 Nb6 20. a4 Ka8 21. a5 Nc4 22. Bf2 Nh7 23. b3 Nd6 24. Qe3 Nc8 25. c4 f6 26. a6 b6 27. Qc3 Ng5 28. b4 Nd6 29. c5 Ndxe4 30. Rxd8+ Rxd8 31. Qc1 b5 32. Be3 Ng3 33. Rd1 Rc8 34. Qd2 N3e4 35. Qd3 f5 36. Bxg5 Nxg5 37. Qxb5 Nxh3+ 38. Kh2 Qd5 39. Bxd5 1-0

[Event "Titled Tuesday intern op 01st Feb-A"]
[Site "Chess.com INT"]
[Date "2022.02.01"]
[Round "4"]
[White "Rangel, Daniel"]
[Black "Azadaliyev, Jahandar"]
[Result "1-0"]
[WhiteElo "2207"]
[BlackElo "2088"]
[PlyCount "95"]
[EventDate "2022.02.01"]
[EventType "swiss (blitz)"]
[EventRounds "11"]
[EventCountry "USA"]
[SourceTitle "CBM 206 Extra"]
[Source "ChessBase"]
[SourceDate "2022.03.31"]
[SourceVersion "1"]
[SourceVersionDate "2022.03.31"]
[SourceQuality "1"]

1. c4 Nf6 2. g3 e6 3. Bg2 d5 4. Nf3 c5 5. cxd5 exd5 6. d4 c4 7. 0-0 Nc6 8. b3 cxb3 9. Qxb3 Be7 10. Nc3 0-0 11. Bg5 h6 12. Bxf6 Bxf6 13. Nxd5 Bxd4 14. Nxd4 Nxd4 15. Qd3 Nc6 16. Rfd1 Re8 17. h3 Be6 18. Nf4 Qxd3 19. Rxd3 Bc4 20. Rd7 Bxe2 21. Rxb7 Rac8 22. Nxe2 Rxe2 23. Rc1 Ne7 24. Rxc8+ Nxc8 25. Rb8 Re1+ 26. Kh2 Re8 27. Rb7 Kf8 28. Bd5 Ne7 29. Bb3 Ra8 30. Kg2 a5 31. a4 g5 32. Kf3 Rc8 33. Kg2 Rc5 34. Bd1 Re5 35. Bf3 Kg7 36. Ra7 Kf6 37. Ra6+ Kg7 38. Ra8 Rc5 39. Ra7 Nf5 40. Be2 Nd4 41. Bb5 Nb3 42. Ra6 f6 43. Ra7+ Kg6 44. g4 h5 45. Be8+ Kh6 46. gxh5 Rc2 47. Bg6 g4 48. h4 1-0

[Event "Titled Tuesday intern op 25th Jan"]
[Site "Chess.com INT"]
[Date "2022.01.25"]
[Round "6"]
[White "Azadaliyev, Jahandar"]
[Black "Osmak, Iulija"]
[Result "1-0"]
[WhiteElo "2088"]
[BlackElo "2432"]
[PlyCount "145"]
[EventDate "2022.01.25"]
[EventType "swiss (blitz)"]
[EventRounds "11"]
[EventCountry "USA"]
[SourceTitle "CBM 206 Extra"]
[Source "ChessBase"]
[SourceDate "2022.03.31"]
[SourceVersion "1"]
[SourceVersionDate "2022.03.31"]
[SourceQuality "1"]

1. d4 Nf6 2. c4 e6 3. Nf3 b6 4. g3 Bb7 5. Nbd2 c5 6. dxc5 Bxc5 7. Bg2 0-0 8. 0-0 d5 9. Nb3 Be7 10. Ne5 Nbd7 11. Nxd7 Qxd7 12. Bg5 Rfd8 13. Qc2 Rac8 14. Rfd1 Rxc4 15. Qd3 Qc7 16. Nd4 h6 17. Be3 Qb8 18. Bf4 Bd6 19. Be3 a6 20. b3 Rc7 21. h4 Rdc8 22. Qd2 Ng4 23. Bf4 Bxf4 24. Qxf4 Nf6 25. Qd2 Rc5 26. Bf3 Qe5 27. e3 Ne4 28. Qd3 Nc3 29. Rdc1 Nb5 30. Rd1 Qf6 31. Nxb5 Rxb5 32. Bg2 Rbc5 33. Rab1 Rc3 34. Qf1 Rc2 35. a4 Ra2 36. Rbc1 Rcc2 37. Rxc2 Rxc2 38. Qe1 Qc3 39. Qf1 Rd2 40. Rc1 Rc2 41. Rb1 Rb2 42. Rc1 Qxb3 43. Rc7 Rb1 44. Rc1 Rxc1 45. Qxc1 Qc4 46. Qb2 Qc5 47. Bf1 Bc6 48. Bxa6 Bxa4 49. Bd3 b5 50. Qe5 g6 51. h5 gxh5 52. Qxh5 Kg7 53. Qg4+ Kf8 54. Qf4 Ke7 55. Qxh6 Qc3 56. Qg5+ Qf6 57. Qg4 Bb3 58. Qb4+ Ke8 59. Qxb3 Qa1+ 60. Kg2 Qa5 61. Qxb5+ Qxb5 62. Bxb5+ Ke7 63. Kf3 e5 64. Bf1 Kd6 65. e4 d4 66. Ke2 f6 67. Kd3 Kc5 68. g4 Kd6 69. f4 exf4 70. Kxd4 f3 71. Ke3 f2 72. Kxf2 Ke5 73. Ke3 1-0

[Event "Titled Tuesday intern op 25th Jan"]
[Site "Chess.com INT"]
[Date "2022.01.25"]
[Round "3"]
[White "Azadaliyev, Jahandar"]
[Black "Zakhartsov, Vladimir"]
[Result "1-0"]
[WhiteElo "2088"]
[BlackElo "2531"]
[PlyCount "31"]
[EventDate "2022.01.25"]
[EventType "swiss (blitz)"]
[EventRounds "11"]
[EventCountry "USA"]
[SourceTitle "CBM 206 Extra"]
[Source "ChessBase"]
[SourceDate "2022.03.31"]
[SourceVersion "1"]
[SourceVersionDate "2022.03.31"]
[SourceQuality "1"]

1. d4 Nf6 2. c4 e6 3. Nf3 c5 4. d5 exd5 5. cxd5 b5 6. Bg5 d6 7. e4 a6 8. Be2 Be7 9. Nbd2 Nxd5 10. exd5 Bxg5 11. 0-0 0-0 12. Nxg5 Qxg5 13. Ne4 Qe7 14. Bd3 Nd7 15. Qh5 Ne5 16. Nf6+ 1-0

[Event "Titled Tuesday intern op 25th Jan"]
[Site "Chess.com INT"]
[Date "2022.01.25"]
[Round "2"]
[White "Idrisov, Ildar F"]
[Black "Azadaliyev, Jahandar"]
[Result "0-1"]
[WhiteElo "2282"]
[BlackElo "2088"]
[PlyCount "58"]
[EventDate "2022.01.25"]
[EventType "swiss (blitz)"]
[EventRounds "11"]
[EventCountry "USA"]
[SourceTitle "CBM 206 Extra"]
[Source "ChessBase"]
[SourceDate "2022.03.31"]
[SourceVersion "1"]
[SourceVersionDate "2022.03.31"]
[SourceQuality "1"]

1. Nf3 d5 2. b3 e6 3. Bb2 Nd7 4. e3 Ngf6 5. d4 b6 6. Bd3 Bb7 7. Nbd2 Bd6 8. Ne5 0-0 9. 0-0 c5 10. f4 cxd4 11. exd4 Ne4 12. Nxe4 dxe4 13. Bb5 Nf6 14. a4 Rc8 15. Qe2 Qc7 16. Rac1 Rfd8 17. Rfd1 Nd5 18. g3 Nc3 19. Bxc3 Qxc3 20. Nc4 Bb8 21. Qe3 Qb4 22. Nb2 Rc3 23. Qe1 Rxd4 24. Bc4 Qc5 25. Rxd4 Qxd4+ 26. Kg2 e3+ 27. Kh3 Qf6 28. g4 Qxf4 29. Qe2 Qh6# 0-1

[Event "Titled Tuesday intern op 25th Jan"]
[Site "Chess.com INT"]
[Date "2022.01.25"]
[Round "5"]
[White "Le, Tuan Minh"]
[Black "Azadaliyev, Jahandar"]
[Result "1-0"]
[WhiteElo "2514"]
[BlackElo "2088"]
[PlyCount "73"]
[EventDate "2022.01.25"]
[EventType "swiss (blitz)"]
[EventRounds "11"]
[EventCountry "USA"]
[SourceTitle "CBM 206 Extra"]
[Source "ChessBase"]
[SourceDate "2022.03.31"]
[SourceVersion "1"]
[SourceVersionDate "2022.03.31"]
[SourceQuality "1"]

1. d4 Nf6 2. Nf3 d5 3. Bf4 e6 4. e3 Bd6 5. c3 0-0 6. Nbd2 c5 7. Bd3 Qc7 8. Bxd6 Qxd6 9. Ne5 Nfd7 10. f4 f5 11. 0-0 Nc6 12. Ndf3 b6 13. Qe1 Bb7 14. Qh4 Ndxe5 15. fxe5 Qe7 16. Qh5 Qe8 17. Qh4 Qe7 18. Qh3 Rac8 19. g4 g6 20. gxf5 gxf5 21. Kh1 Kh8 22. Rg1 Rg8 23. Qh6 Rxg1+ 24. Rxg1 Rg8 25. Ng5 Nd8 26. Rg3 Bc6 27. Nxh7 Qxh7 28. Qf6+ Rg7 29. Qxd8+ Qg8 30. Rh3+ Rh7 31. Qf6+ Qg7 32. Rxh7+ Kxh7 33. Qxe6 Kh8 34. Qc8+ Kh7 35. Bxf5+ Kh6 36. Qxc6+ Kh5 37. Qg6+ 1-0

[Event "Titled Tuesday intern op 18th Jan"]
[Site "Chess.com INT"]
[Date "2022.01.18"]
[Round "9"]
[White "Azadaliyev, Jahandar"]
[Black "Aydin, Gulenay"]
[Result "1-0"]
[WhiteElo "2088"]
[BlackElo "2069"]
[PlyCount "107"]
[EventDate "2022.01.18"]
[EventType "swiss (blitz)"]
[EventRounds "11"]
[EventCountry "USA"]
[SourceTitle "CBM 206 Extra"]
[Source "ChessBase"]
[SourceDate "2022.03.31"]
[SourceVersion "1"]
[SourceVersionDate "2022.03.31"]
[SourceQuality "1"]

1. d4 Nf6 2. c4 g6 3. Nf3 Bg7 4. g3 0-0 5. Bg2 d6 6. 0-0 Nbd7 7. Nc3 e5 8. dxe5 dxe5 9. Bg5 h6 10. Bc1 c6 11. Qb3 Qc7 12. Rd1 Re8 13. Nd2 Nc5 14. Qc2 Bf5 15. Nde4 Rad8 16. Be3 Ne6 17. Nxf6+ Bxf6 18. Qa4 Nd4 19. Qxa7 Ra8 20. Qc5 b6 21. Nd5 Qd8 22. Nxf6+ Qxf6 23. Qxb6 Nxe2+ 24. Kf1 Nd4 25. Bxd4 exd4 26. Qxd4 Qe6 27. Re1 Qc8 28. a3 Rd8 29. Qf6 Rb8 30. Re7 Be6 31. Re1 Bxc4+ 32. Kg1 Rf8 33. Be4 Qg4 34. h3 Qg5 35. Qxg5 hxg5 36. b4 Bb5 37. Bc2 Ra8 38. R1e3 Ra6 39. Bb3 Kg7 40. Ba2 Kh6 41. Bxf7 Rfa8 42. R3e6 Bd3 43. Rd6 Bf5 44. g4 Rxa3 45. gxf5 Ra1+ 46. Kg2 Kh5 47. Rxg6 Rg1+ 48. Kxg1 Ra1+ 49. Kg2 Rg1+ 50. Kxg1 g4 51. Rxg4+ Kh6 52. Re6+ Kh7 53. Reg6 Kh8 54. Rh4# 1-0